Citizem-centered collaborative public management (Record no. 72433)

000 -LEADER
fixed length control field 01212pab a2200181 454500
008 - FIXED-LENGTH DATA ELEMENTS--GENERAL INFORMATION
fixed length control field 180718b2006 xxu||||| |||| 00| 0 eng d
100 ## - MAIN ENTRY--PERSONAL NAME
Personal name Cooper, Terry L.
245 ## - TITLE STATEMENT
Title Citizem-centered collaborative public management
260 ## - PUBLICATION, DISTRIBUTION, ETC.
Date of publication, distribution, etc. 2006
300 ## - PHYSICAL DESCRIPTION
Extent p.76-88.
362 ## - DATES OF PUBLICATION AND/OR SEQUENTIAL DESIGNATION
Dates of publication and/or sequential designation Supplement
520 ## - SUMMARY, ETC.
Summary, etc. Civic engagement and collaborative public management are concepts that are defined broadly, making theoretical explication challenging and practical application of empirical research difficult. In this article, the authors adopt definitions of civic engagement and collaborative public management that are centered on the citizen and the potential for active citizenship. Following a historical review of civic engagement in the United States, a conceptual model of five approaches to civic engagement is offered. Citizen-centered collaborative public management is enhanced through these approaches. The authors suggest the need for further empirical research on collaborative public management that is grounded in citizenship action. - Reproduced.
650 ## - SUBJECT ADDED ENTRY--TOPICAL TERM
Topical term or geographic name entry element Public administration
700 ## - ADDED ENTRY--PERSONAL NAME
Personal name Meek, Jack W.
700 ## - ADDED ENTRY--PERSONAL NAME
Personal name Bryer, Thomas A.
773 ## - HOST ITEM ENTRY
Main entry heading Public Administration Review
909 ## -
-- 72433
Holdings
Withdrawn status Lost status Damaged status Not for loan Permanent Location Current Location Date acquired Serial Enumeration / chronology Barcode Date last seen Price effective from Koha item type
        Indian Institute of Public Administration Indian Institute of Public Administration 2018-07-19 Volume no: 66, AR72893 2018-07-19 2018-07-19 Articles

Powered by Koha